| 000 | 00519nam a2200205Ia 4500 | ||
|---|---|---|---|
| 008 | 131103s9999 xx 000 0 und d | ||
| 020 | _a0 85110 335 9 | ||
| 040 | _aLoreto College | ||
| 041 | _aEnglish | ||
| 082 |
_a242/GRI _bLCLIB/20630 |
||
| 100 | _aGriffiths | ||
| 245 |
_aTake my life _cGriffiths |
||
| 260 |
_aLondon _bInter - Varsity _c1972 |
||
| 300 |
_a189 p. _c 17 cm. |
||
| 440 | _aPocket book | ||
| 650 | _aChristianity | ||
| 651 | _aDevotional literature | ||
| 850 | _aLCLIB/242/GRI | ||
| 942 | _cBK | ||
| 999 |
_c24604 _d75083 |
||